000 01887nam a2200373 a 4500
001 000017142
003 DO-SdBNP
005 20251104125016.0
008 100318s2006 dr ac fr 001 0 spa d
020 _a9993442542
040 _aDO-SdBNP
_bspa
_cBNPHU
082 _a633.61097293
_bM385s
100 1 _aMartínez, Héctor Luis,
_d1958-
_937746
245 1 0 _aSan Pedro de Macorís en el renacimiento de la industria azucarera dominicana, 1870-1930 /
_cHéctor Luis Martínez ; presentación Alejandro Arvelo.
260 _aSanto Domingo :
_bDirección Gereral de la Feria del Libro,
_c2006.
300 _a171 p. :
_bil., retrs. ;
_c22 cm.
490 1 _aEdiciones Ferilibro
_v93
500 _aIncluye datos biográficos del autor en la solapa de la cubierta
504 _aIncluye bibliografía y notas al pie de páginas.
504 _aBibliografía: p. 157-163
505 0 _gPresentación /
_rAlejandro Arvelo --
_tIntroducción --
_tPrimeros ingenios en San Pedro de Macorís, 1876-1900 --
_tDe la bonanza azucarera a la crisis de los años veinte --
_tLa fuerza de trabajo en la industria azucarera de San Pedro de Macorís --
_tConclusiones --
_tAnexos --
_gImágenes de Macorís --
_gFuentes.
590 _aInventariado, 2018/BT
650 0 _aCaña de azucar
_xCultivo
_922166
650 4 _aIndustria de la caña de azúcar
_xHistoria
_zRepública Dominicana
_937747
650 4 _aIndustria azucarera
_xHistoria
_zRepública Dominicana
_937748
650 4 _aCentrales azucareras
_937750
650 4 _aAzúcar
_xComercio
_zRepública Dominicana
_937751
651 4 _aSan Pedro De Macorís (República Dominicana)
_xHistoria local
_97812
651 4 _aSan Pedro dMacorís (República Dominicana)
_xCondiciones económicas
_937749
700 1 _aArvelo, Alejandro
_9147
830 0 _aEdiciones Ferilibro
_n93
_937752
910 _aValidado. Control de calidad. EMS
942 _2ddc
_cLBS1
999 _c16668
_d16668